Manual de historia universal
Uloženo v:
| Hlavní autor: | |
|---|---|
| Médium: | Kniha |
| Jazyk: | španělština |
| Vydáno: |
Madrid
Espasa-Calpe
1962
|
| Témata: | |
| Tagy: |
Přidat tag
Žádné tagy, Buďte první, kdo vytvoří štítek k tomuto záznamu!
|
MARC
| LEADER | 00000nam a2200000 a 4500 | ||
|---|---|---|---|
| 001 | UCT3235 | ||
| 003 | CL-VaPUC | ||
| 008 | 961018e19620000SP |||||||||||||||||spa|d | ||
| 082 | 0 | 4 | |a 909 |b MOR |2 21 |
| 100 | |a Morales Padrón, Francisco |e autor |9 536537 | ||
| 245 | 1 | 0 | |a Manual de historia universal |
| 300 | |a v | ||
| 942 | |c BK | ||
| 945 | |d 19961018 00:00:00 |a paguirre | ||
| 260 | |a Madrid |b Espasa-Calpe |c 1962 | ||
| 500 | |a v.1: Prehistoria | ||
| 500 | |a v.6: Historia de América | ||
| 650 | 0 | |a Historia |9 255047 | |
| 650 | 0 | |a Cultura |9 269059 | |
| 650 | 0 | |a Civilización |9 255823 | |
| 650 | 0 | |a Historia antigua |9 267521 | |
| 651 | 0 | |a América |9 255182 | |
| 651 | 0 | |a Europa |9 255156 | |
| 583 | |a last modification |c 19961018 00:00:00 |k Rodrigo Vera | ||
| 999 | |c 252962 |d 252960 | ||